Встречи с прошлым. Вып. 12 (Record no. 78987)
[ view plain ]
| 000 -МАРКЕР | |
|---|---|
| контрольное поле | 01006nam2a22001812i 4500 |
| 001 - ИДЕНТИФИКАТОР ЗАПИСИ | |
| контрольное поле | RU\VMP\78987 |
| 005 - ИДЕНТИФИКАТОР ВЕРСИИ | |
| контрольное поле | 20250107123006.0 |
| 010 ## - МЕЖДУНАРОДНЫЙ СТАНДАРТНЫЙ НОМЕР КНИГИ (ISBN) | |
| Тираж | 1000 |
| Номер (ISBN) | 978-5-906594-11-2 |
| 100 ## - ДАННЫЕ ОБЩЕЙ ОБРАБОТКИ | |
| Данные общей обработки | 20181109d2017 |||y0rusy5050 ca |
| 101 0# - ЯЗЫК РЕСУРСА | |
| Язык текста, звукозаписи и т.д. | русский |
| 200 0# - ЗАГЛАВИЕ И СВЕДЕНИЯ ОБ ОТВЕТСТВЕННОСТИ | |
| Основное заглавие | Вып. 12 |
| 210 ## - ПУБЛИКАЦИЯ, РАСПРОСТРАНЕНИЕ И ДР. | |
| Дата издания, распространения и т.д. | 2017 |
| 215 ## - ФИЗИЧЕСКАЯ ХАРАКТЕРИСТИКА | |
| Специфическое обозначение материала и объем | 672 с., [40] л. ил. |
| Размеры | 20 см. |
| 345 ## - ПРИМЕЧАНИЕ, ОТНОСЯЩЕЕСЯ К ИНФОРМАЦИИ О КОМПЛЕКТОВАНИИ | |
| Адрес источника комплектования / подписки | ООО "Книжные мастерские" |
| Учетный / регистрационный номер | Товарная накладная № 1504 от 28.09.2018 года |
| 461 #0 - УРОВЕНЬ НАБОРА | |
| Встроенное поле | 001RU\VMP\75424 |
| -- | 2000 $vВып. 12 |
| Первые сведения об ответственности | Глав. архивное упр. при Совете Министров СССР |
| Системный номер (АБИС) связанной записи | 75424 |
| Автор | Глав. архивное упр. при Совете Министров СССР |
| Место публикации | М. |
| Дата публикации | 1970- |
| Имя издателя, распространителя и т.д. | Советская Россия |
| Сведения, относящиеся к заглавию | Сборник материалов Центрального Государственного архива литературы и искусства СССР |
| Заглавие | Встречи с прошлым |
| Номер тома | Вып. 12 |
| 610 ## - НЕКОНТРОЛИРУЕМЫЕ ПРЕДМЕТНЫЕ ТЕРМИНЫ | |
| Организация и экземпляр, к которому относится поле | 80888 |
| Предметный термин | БиблФ-Алфавит |
| 942 ## - ДОПОЛНИТЕЛЬНЫЕ ЭЛЕМЕНТЫ ЗАПИСИ (KOHA) | |
| Тип экземпляра Koha | Книга |
| Статус не для выдачи | Дата поступления | Стоимость покупки | Тип экземпляра | Библиотека постоянного хранения | Библиотека текущего хранения | Место постоянного хранения | Место хранения | Штрих-код | Код коллекции |
|---|---|---|---|---|---|---|---|---|---|
| 28.09.2018 | 770.00 | Книга | Библиотека Всероссийского музея А. С. Пушкина | Библиотека Всероссийского музея А. С. Пушкина | БиблФ(КР) | БиблФ(КР) | БиблФ(КР)56947 | БиблФ-Алфавит |